000
nam a22 7a 4500
999
_c
50118
_d
50118
003
OSt
005
20200618113405.0
008
200618b xxu||||| |||| 00| 0 eng d
040
_c
IIMT UNIVERSITY
100
_a
DINESH K S
245
_a
KAUMARABHRTYA-UPDATED(MIS 34)
942
_2
ddc
_c
01